Statistiken für Spiel des Jahres

Klicken Sie hier um das Quiz zu spielen!

Allgemein

  • Dieses Quiz wurde 72 mal gespielt
    (53 seit der letzten Aktualisierung)
  • Das Durchschnittsergebnis liegt bei 9 aus 41

Antwortstatistiken

HintAntwort% Korrekt
1995Die Siedler von Catan
80%
2001Carcassonne
67%
2004Zug um Zug
49%
1979Hase und Igel
47%
1983Scotland Yard
40%
1996El Grande
36%
2018Azul
29%
2016Codenames
29%
2009Dominion
29%
1982Sagaland
29%
1990Adel verpflichtet
27%
1987Auf Achse
27%
2013Hanabi
27%
2003Alhambra
22%
2019Just One
22%
1999Tikal
22%
1989Cafe International
20%
2014Camel Up
20%
1986Heimlich & Co.
20%
2008Keltis
20%
2010Dixit
18%
1998Elfenland
18%
2012Kingdom Builder
18%
2005Niagara
18%
2006Thurn und Taxis
18%
1984Dampfross
16%
1997Mississippi Queen
16%
2011Qwirkle
16%
1980Rummikub
16%
2000Torres
16%
1988Barbarossa
13%
1993Bluff
13%
2015Colt Express
13%
2017Kingdomino
13%
1992Um Reifenbreite
13%
2002Villa Paletti
13%
1985Sherlock Holmes
11%
1991Drunter & Drüber
9%
1994Manahttan
7%
2007Zooloretto
7%
1981Focus
4%

Verteilung der Resultate

Perzentil nach korrekt beantworteten Fragen

Anzahl Personen mit jedem Resultat

Ihre Resultats-Entwicklung

Sie haben dieses Quiz seit der letzten Aktualisierung nicht gespielt